000 01097nam0a22002891 4500
001 rc\2314193
005 20250623045058.0
035 _a(NLR Aleph) 006575960
090 _a6995126
_c6995126
100 _a20110829d1977 |||y0rusy50 ca
101 0 _arus
102 _aRU
105 _aa z |||a|
200 1 _aПостоянство
_eСтихи и поэмы
_fСергей Викулов
_g[Худож. Ю. Бажанов]
210 _aМосква
_cМол. гвардия
_d1977
215 _a127 с.
_cил.
_d16
327 1 _aСодерж.: Стихи; Поэмы: Дума о Родине; Письма из деревни
464 0 _12001#$aСтихи$aДума о Родине$eПоэма$aПисьма из деревни$eПоэма
_tПисьма из деревни
700 1 _aВикулов
_bС.В.
_f1922-
_gСергей Васильевич
702 1 _aБажанов
_bЮ.
_4440
801 0 _aRU
_bNLR
_gpsbo
801 1 _aRU
_bELAR
_2rusmarc
852 _aNLR
_j77-2/4135
899 _aRuMoRGB
_jБ 77-43/1066
899 _aRuMoRGB
_jБ 77-43/1067
942 _cBOOK
980 _aNB